000 00662nam a2200241 i 4500
001 C2-0124053
003 PPAK
005 20180727114659.0
008 970903s1977 enka|||| ||||| | eng d
020 _a0241896967
040 _aPPAK
_beng
_cPPAK
_erda
082 0 4 _a823
_223
090 0 0 _a823
_bLOB
_dK
100 1 _aLobel, Arnold,
_eauthor
245 1 0 _aHow the rooster saved the day
264 1 _aLondon :
_bHamish Hamilton ,
_c1977
300 _a28 pages :
_bcolour illustrations ;
_c21 cm
336 _2rdacontent
_atext
337 _2rdamedia
_aunmediated
338 _2rdacarrier
_avolume
650 1 0 _aChildren's stories, English
942 _ddc
_cB
999 _c36339
_d36339